Central Library OPAC University of Rajshahi

আওয়ামী লীগের ভাবাদর্শিক বিকাশ, ১৯৪৯-১৯৭২ (Record no. 82921)

MARC details
000 -LEADER
fixed length control field 01414nam a2200253 a 4500
001 - CONTROL NUMBER
RUCL Control Number 82921
003 - CONTROL NUMBER IDENTIFIER
rucl marc code BD-RjUL
005 - DATE AND TIME OF LATEST TRANSACTION
control field 20240201191619.0
008 - FIXED-LENGTH DATA ELEMENTS--GENERAL INFORMATION
fixed length control field 240201s2006 bg ||||| m||| 00| 0 ben d
035 ## - SYSTEM CONTROL NUMBER
system control number (BD-RjUL)82921
040 ## - CATALOGING SOURCE
Original cataloging agency BD-RjUL
Language of cataloging ben / eng
Transcribing agency BD-RjUL
Modifying agency BD-RjUL
041 ## - LANGUAGE CODE
Language code of Book ben
082 ## - DEWEY DECIMAL CLASSIFICATION NUMBER
DDC Edition number 23
Classification number 324.25492
Author mark and Year AKA 2006
100 ## - MAIN ENTRY--PERSONAL NAME
Personal name আকতার, মোসা. ছায়িদা
9 (RLIN) 520
245 10 - TITLE STATEMENT
Title আওয়ামী লীগের ভাবাদর্শিক বিকাশ, ১৯৪৯-১৯৭২
Statement of responsibility, etc মোসা. ছায়িদা আকতার ;
Name of Supervisor/Co-Supervisor তত্ত্বাবধায়ক : মো. আবুল কাশেম
260 ## - PUBLICATION, DISTRIBUTION, ETC. (IMPRINT)
Place of publication, distribution, etc রাজশাহী :
Name of publisher, distributor, etc ইতিহাস বিভাগ, রাজশাহী বিদ্যালয়,
Date of publication, distribution, etc ২০০৬
300 ## - PHYSICAL DESCRIPTION
Pagination xiv, ৪৬৬ পাতা ;
Dimensions ২৯ সেমি.
502 ## - DISSERTATION NOTE
Dissertation note থিসিস (পিএইচ. ডি.) -- ইতিহাস বিভাগ, রাজশাহী বিদ্যালয়, ২০০৬
504 ## - BIBLIOGRAPHY, ETC. NOTE
Bibliography, etc গ্রন্থপঞ্জি : পাতা ৪৪০-৪৫৭
650 ## - SUBJECT ADDED ENTRY--TOPICAL TERM
Topical term or geographic name as entry element রাজনৈতিক দল
Form subdivision ১৯৪৯-১৯৭২
Geographic subdivision বাংলাদেশ
9 (RLIN) 11384
Topical term or geographic name as entry element political Parties
Form subdivision 1949-1972
Geographic subdivision Bangladesh
9 (RLIN) 11385
700 ## - ADDED ENTRY--SUPERVISOR/CO-SUPERVISOR NAME
Personal name কাশেম, মো. আবুল, তত্ত্বাবধায়ক
9 (RLIN) 11386
942 ## - ADDED ENTRY ELEMENTS (KOHA)
Source of classification or shelving scheme Dewey Decimal Classification
Koha item type Theses
Holdings
Source of classification or shelving scheme Damaged status Not for loan Collection code Permanent Location Current Location Shelving location Date of accession Source of acquisition Total Checkouts Full call number Barcode Date last seen Copy number Thesis
Dewey Decimal Classification   Not For Loan Theses Central Library, University of Rajshahi Central Library, University of Rajshahi Documentation Section 10/02/2007 Controller of Exam. R. U.   BTHE 324.25492 AKA 2006 D2550 01/02/2024 C-I Theses